000 00738nam a22002297a 4500
005 20170124110009.0
010 _aB-163171
020 _c770.00
_a978817080283
035 _aB-163171
037 _bCen Lib/Ret
040 _aDPL
_bEN
082 _a355.03
_bKHA
100 _aKhare,Vijay S.
_914803
245 _aDr. B.R.Ambedkar and India's national security /
_cby Vijay S.Khare
260 _aNew Delhi
_bKilaso books
_c2005
270 _a2/19,Ansari Road Darya Ganj
_bNew Delhi
_e110002
300 _axxiii,319p.
_c21cm(Hb)
500 _aIncludes bibliographical reference and index
650 _aNational security
_zIndia
_95602
650 _aPolitical and social views
_97882
942 _2ddc
_cEN
_h355.03
_mKHA
999 _c126400
_d126400